Standard methods for the examination of water and wastewater
Guardat en:
| Autor corporatiu: | , , , |
|---|---|
| Format: | Llibre |
| Idioma: | anglès |
| Publicat: |
Washington, D.C
A.P.H.A
1992
|
| Edició: | 18a. ed |
| Matèries: | |
| Etiquetes: |
Afegir etiqueta
Sense etiquetes, Sigues el primer a etiquetar aquest registre!
|
MARC
| LEADER | 00000nam a2200000 a 4500 | ||
|---|---|---|---|
| 001 | UCY2831 | ||
| 003 | CL-VaPUC | ||
| 008 | 941123e19920000US |||||||||||||||||eng|d | ||
| 082 | 0 | 4 | |a 628.161 |b AME |2 21 |
| 110 | 2 | |a American Public Health Association |e author |9 330971 | |
| 710 | 2 | |a American Water Works Association |e author |9 330972 | |
| 710 | 2 | |a Water Pollution Control Federation |e author |9 330973 | |
| 710 | 2 | |a Water Environment Federation |e author |9 330974 | |
| 245 | 1 | 0 | |a Standard methods for the examination of water and wastewater |
| 250 | |a 18a. ed | ||
| 300 | |a 1 v | ||
| 942 | |c BK | ||
| 945 | |d 19941123 00:00:00 |a mfernand | ||
| 260 | |a Washington, D.C |b A.P.H.A |c 1992 | ||
| 650 | 0 | |a Agua |9 257149 | |
| 650 | 0 | |a Aguas servidas |9 261486 | |
| 650 | 0 | |a Análisis |9 259550 | |
| 583 | |a last modification |c 19941123 00:00:00 |k Rodrigo Vera | ||
| 999 | |c 231135 |d 231133 | ||
| 952 | |0 0 |1 0 |4 0 |6 628_161000000000000_AME_1992 |7 0 |8 F |9 233977 |a BIBING |b BIBING |d 2019-11-15 |i 3038629 |o 628.161 AME 1992 |p 3038629 |r 2025-01-20 |w 2019-11-15 |y BK_F |k EIB | ||